00424 2200169 4500001002100000008004100021035002000062245002900082100002000111260002800131300002600159020002200185084001400207082000800221650001000229990001500239INLIS000000000003287 ind  a0010-1225000108 aResign !cAlmira Bastari aBastari, Almira aJakartabGramediac2025 a288 hlmc13,5 x 20 cm a978-602-0380-71-1 a813 ALM r a813 aFiksi a19762/B/26